LEADER 01138nam a2200229 4500 001 000000353739 003 CaOOAMICUS 005 20230515094604.0 008 230511s1945 it 2 000 u ita r 040 $aSeMil$bita 100 1 $aLombardi, Riccardo .$0(OLS)http://semarc/name/90125 245 14$aUna mano tesa minacciosa : $ba proposito del discorso Togliatti, 7 aprile 1945 /$cRiccardo Lombardi. 264 1$aBusto Arsizio :$bEdizioni de L'Idea,$c1945. 300 $a23 p. ;$c17 cm 500 $aEstratto da: La Civiltà Cattolica, Quaderno 2277 (5 maggio 1945) 650 04$aTogliatti, Palmiro <1893-1964> - Scritti e discorsi.$0(OLS)http://semarc/subject/52645 650 4$aPartito Comunista Italiano <1921-1991>.$0(OLS)http://semarc/subject/5222 850 $aSeMil 852 $aSeMil$W1$xVenegono$y1$m5A IV 3/9$j240284$B244945$CSeMilBibl$Z2$F244945 $81 996 $6245$aUna mano tesa minacciosa : $ba proposito del discorso Togliatti, 7 aprile 1945$9(OLS)http://semarc/title/443850 996 $6264$aBusto Arsizio :$bEdizioni de L'Idea$9(OLS)http://semarc/publisher/34322 LEADER 00546naa a2200145 i 4500 001 000000317452 003 CaOOAMICUS 005 20180831173228.0 008 180831n it u000 u ita u 013 $a26597 040 $aSeMil$bita 100 1 $aRossi de Gasperis, Francesco,$c.$0(OLS)http://semarc/name/3731 245 10$aAlcuni aspetti della teologia della fede, oggi. 773 0 $tNostra fede.$dMilano : Pro manuscripto, 1969.$gp.33-50$w()172237 996 $6245$aAlcuni aspetti della teologia della fede, oggi$9(OLS)http://semarc/title/391405